| 000 | 00951cam a22003011 4500 | ||
|---|---|---|---|
| 001 | 28696 | ||
| 003 | BD-RjUL | ||
| 005 | 20211209051322.0 | ||
| 008 | 140331s1937 nyuabf 001 0 eng | ||
| 035 | _a(BD-RjUL)28778 | ||
| 035 | _a(OCoLC)19683883 | ||
| 040 |
_aDLC _cMB _dODaWU _dOCoLC _dDLC _beng |
||
| 041 | _aeng | ||
| 082 |
_a940.1 _bTHI 1965 |
||
| 100 | 1 |
_aThompson, James Westfall, _d1869-1941. _987804 |
|
| 245 | 1 | 3 |
_aAn introduction to medieval Europe, 300-1500 / _cJames Westfall Thompson ... & Edgar Nathaniel Johnson ... |
| 260 |
_aNew York : _bedgar nathaniel johnson , _cc1965 |
||
| 300 |
_axii, 1092 p. : _bill. ; _c24 cm. |
||
| 500 | _a"First edition." | ||
| 504 | _aIncludes index | ||
| 650 | 0 |
_aMiddle Ages. _987805 |
|
| 651 | 0 |
_aEurope _xHistory _y476-1492. _974533 |
|
| 700 | 1 |
_aJohnson, Edgar Nathaniel, _d1901-1969. _987806 |
|
| 740 | 0 | _aMedieval Europe. | |
| 942 |
_2ddc _cBK |
||
| 999 |
_c28696 _d28696 |
||